| 000 | 01296nam a2200265 i 4500 | ||
|---|---|---|---|
| 001 | 152999 | ||
| 003 | ES-MaACL | ||
| 005 | 20230906204954.0 | ||
| 008 | 931025s1779 sp ax |||| | spa d | ||
| 100 | 0 |
_aCascales, Francisco. _936268 |
|
| 245 | 1 | 0 |
_aTablas poéticas / _cdel lic. Francisco Cascales ; añadese en esta II impresion Epistola Q. Horatii Flacci de Arte Poetica in methodum redacta, vesiculus horatianis stantibus ... ; item Novae in grammaticam observationes ; item discurso de la ciudad de Cartagena. |
| 260 |
_aEn Madrid : _bpor Don Antonio de Sancha, _c1779. |
||
| 300 |
_aXXIV, 360 p., [1] h. de grab. ; _c8º (19 cm) |
||
| 530 | _aDisponible en formato digital. | ||
| 597 | _aSign.: Sign. : *8, 2*4, A-Y8, Z4. | ||
| 599 | _aLa h. de lámina es un grabado calcográfico, retrato del autor: "Ants. Carnicero delt., Moreno Tejada fct." | ||
| 650 | 4 |
_aPoética- _yS.XVII. _9154254 |
|
| 651 | 4 |
_aCartagena- _xHistoria. _97970 |
|
| 700 | 1 |
_aHoracio Flaco, Quinto. _964182 |
|
| 700 | 0 |
_aCarnicero, Antonio. _935379 |
|
| 700 | 1 |
_aMoreno Tejada, Juan. _9130174 |
|
| 740 | 0 | 1 | _aDiscurso de la Ciudad de Cartagena. |
| 852 |
_aES-MaACL _jR-959 _z-- Enc. hol. _x-- Olim: G-9882 |
||
| 856 |
_uhttp://bdh-rd.bne.es/viewer.vm?id=0000091370&page=1 _zBiblioteca Digital Hispánica |
||
| 999 |
_c152999 _d152999 |
||